Statistics for Hanna Barbera Shows

Click here to take the quiz!

General Stats

  • This quiz has been taken 52 times
  • The average score is 6 of 15

Answer Stats

HintAnswer% Correct
Fred Flintstones, Wilma Flintstones,Barney Rubble, Betty Rubble, Dino, Hoppy, Pebbles Flintstones, Bam Bam Rubble, Mr. SlateThe Flintstones
83%
George Jetsons, Jane Jetson, Judy Jetson, Elroy Jetson, Astro, Rosie, Mr. SpacelyThe Jetsons
81%
Scooby-Doo, Shaggy Rogers, Fred Jones, Daphne Blake, Velma DinkleyScooby-Doo Where Are You
76%
Bugs Bunny, Daffy Duck, Porky Pig, Foghorn Leghorn, Elmer Fudd, Yosemite Sam, Tazmanian Devil, Speedy GonzalezLooney Tunes
67%
Huckleberry HoundThe Huckleberry Hound Show
50%
Human Torch, Thing, Mr. Fantastic, Invisible WomanFantastic Four
48%
Hong Kong Phooey, Rose, SergeHong Kong Phooey
40%
Yogi Bear, Boo Boo BearThe Yogi Bear Show
40%
Batman,Superman,Wonder Woman, Green Lantern (John Stewart), Flash, AquamanSuper Friends
33%
Magilla GorillaThe Magilla Gorilla Show
31%
Atom AntThe Atom Ant Show
29%
Quick Draw McGraw, Baba LooeyThe Quick Draw McGraw Show
26%
Peter Potomus, So SoThe Peter Potomus Show
17%
Pixie, Dixie, Mr. JinkPixie and Dixie and Mr. Jink
10%
Grape ApeThe Great Grape Ape Show
10%

Score Distribution

Percentile by Number Answered

Percent of People with Each Score

Your Score History

You have not taken this quiz